The middle years (Record no. 35152)

MARC details
000 -LEADER
fixed length control field 00860cam a2200265 4500
001 - CONTROL NUMBER
control field 1709781
005 - DATE AND TIME OF LATEST TRANSACTION
control field 20050819180045.0
008 - FIXED-LENGTH DATA ELEMENTS--GENERAL INFORMATION
fixed length control field 710716s1971 pau b 000 0 eng
010 ## - LIBRARY OF CONGRESS CONTROL NUMBER
LC control number 70154489
020 ## - INTERNATIONAL STANDARD BOOK NUMBER
International Standard Book Number 0800611055
040 ## - CATALOGING SOURCE
Original cataloging agency DLC
Transcribing agency DLC
Modifying agency DLC
050 00 - LIBRARY OF CONGRESS CALL NUMBER
Classification number HQ1061
Item number .J64 1971
100 1# - MAIN ENTRY--PERSONAL NAME
Personal name Johnson, Paul Emanuel,
Dates associated with a name 1898-
245 14 - TITLE STATEMENT
Title The middle years
Statement of responsibility, etc [by] Paul E. Johnson.
260 ## - PUBLICATION, DISTRIBUTION, ETC. (IMPRINT)
Place of publication, distribution, etc Philadelphia,
Name of publisher, distributor, etc Fortress Press
Date of publication, distribution, etc [1971]
300 ## - PHYSICAL DESCRIPTION
Extent iv, 60 p.
Dimensions 20 cm.
350 ## - PRICE (NR) (BK AM CF MU VM SE) [OBSOLETE]
Price $1.50
490 0# - SERIES STATEMENT
Series statement Pocket counsel books
504 ## - BIBLIOGRAPHY, ETC. NOTE
Bibliography, etc Includes bibliographical references.
650 #0 - SUBJECT ADDED ENTRY--TOPICAL TERM
Topical term or geographic name as entry element Middle age.
650 #0 - SUBJECT ADDED ENTRY--TOPICAL TERM
Topical term or geographic name as entry element Middle-aged persons
General subdivision Attitudes.
906 ## - LOCAL DATA ELEMENT F, LDF (RLIN)
a 7
b cbc
c orignew
d 2
e ncip
f 19
g y-gencatlg
942 ## - ADDED ENTRY ELEMENTS (KOHA)
Source of classification or shelving scheme Library of Congress Classification
Item type Book
Holdings
Withdrawn status Lost status Source of classification or shelving scheme Damaged status Not for loan Collection code Home library Current library Shelving location Date acquired Total Checkouts Full call number Barcode Date last borrowed Copy number Price effective from Koha item type
    Library of Congress Classification     Non-fiction Bishop Okullu Memorial Library (Limuru Campus) Bishop Okullu Memorial Library (Limuru Campus) General Circulation 08/07/2009 1 HQ1061 .J64 1971 009605 14/11/2013 1 08/07/2009 Book